Academy Award Nominees and Best Picture Winners (1927-1999) Part I - Statistics

General Stats
  • This quiz has been taken 129 times
  • The average score is 166 of 420
Answer Stats
Year Film % Correct
1972 The Godfather
95%
1939 Gone with the Wind
90%
1948 Hamlet
90%
1974 The Godfather Part II
90%
1999 American Beauty
86%
1943 Casablanca
86%
1975 One Flew Over the Cuckoo’s Nest
86%
1991 The Silence of the Lambs
86%
1997 Titanic
86%
1959 Ben-Hur
81%
1941 Citizen Kane
81%
1990 Dances with Wolves
81%
1979 Kramer Vs. Kramer
81%
1969 Midnight Cowboy
81%
1954 On the Waterfront
81%
1985 Out of Africa
81%
1988 Rain Man
81%
1998 Saving Private Ryan
81%
1994 Forrest Gump
76%
1958 Gigi
76%
1990 Goodfellas
76%
1942 Mrs. Miniver
76%
1940 Rebecca
76%
1993 Schindler’s List
76%
1998 Shakespeare in Love
76%
1977 Star Wars
76%
1978 The Deer Hunter
76%
1965 The Sound of Music
76%
1992 Unforgiven
76%
1961 West Side Story
76%
1976 Network
71%
1968 Oliver!
71%
1980 Ordinary People
71%
1986 Platoon
71%
1976 Taxi Driver
71%
1990 The Godfather Part III
71%
1967 The Graduate
71%
1973 The Sting
71%
1927/28 Wings
71%
1971 A Clockwork Orange
67%
1929/30 All Quiet on the Western Front
67%
1951 An American in Paris
67%
1951 A Streetcar Named Desire
67%
1969 Butch Cassidy and the Sundance Kid
67%
1989 Driving Miss Daisy
67%
1982 Gandhi
67%
1944 Going My Way
67%
1967 In the Heat of the Night
67%
1934 It Happened One Night
67%
1955 Marty
67%
1964 My Fair Lady
67%
1976 Rocky
67%
1960 The Apartment
67%
1957 The Bridge on the River Kwai
67%
1980 The Elephant Man
67%
1996 The English Patient
67%
1994 The Shawshank Redemption
67%
1939 The Wizard of Oz
67%
1962 To Kill a Mockingbird
67%
1976 All the President’s Men
62%
1966 A Man for All Seasons
62%
1977 Annie Hall
62%
1995 Braveheart
62%
1982 E.T. the Extra-Terrestrial
62%
1953 From Here to Eternity
62%
1967 Guess Who’s Coming to Dinner
62%
1941 How Green Was My Valley
62%
1946 It’s a Wonderful Life
62%
1962 Lawrence of Arabia
62%
1989 My Left Foot
62%
1970 Patton
62%
1946 The Best Years of Our Lives
62%
1985 The Color Purple
62%
1971 The French Connection
62%
1987 The Last Emperor
62%
1950 All About Eve
57%
1984 Amadeus
57%
1956 Around the World in 80 Days
57%
1997 As Good as It Gets
57%
1932/33 Cavalcade
57%
1981 Chariots of Fire
57%
1974 Chinatown
57%
1930/31 Cimarron
57%
1934 | 1963 Cleopatra
57%
1965 Doctor Zhivago
57%
1975 Jaws
57%
1997 L.A. Confidential
57%
1994 Pulp Fiction
57%
1980 Raging Bull
57%
1981 Raiders of the Lost Ark
57%
1981 Reds
57%
1993 The Piano
57%
1999 The Sixth Sense
57%
1985 Witness
57%
1938 You Can’t Take it with You
57%
1957 12 Angry Men
52%
1970 Airport
52%
1949 All the King’s Men
52%
1973 American Graffiti
52%
1995 Apollo 13
52%
1989 Born on the Fourth of July
52%
1972 Cabaret
52%
1978 Coming Home
52%
1975 Dog Day Afternoon
52%
1998 Elizabeth
52%
1990 Ghost
52%
1939 Goodbye, Mr. Chips
52%
1992 Howards End
52%
1991 JFK
52%
1963 Lillies of the Field
52%
1970 Love Story
52%
1964 Mary Poppins
52%
1987 Moonstruck
52%
1935 | 1962 Mutiny on the Bounty
52%
1979 Norma Rae
52%
1950 Sunset Boulevard
52%
1980 Tess
52%
1973 The Exorcist
52%
1993 The Fugitive
52%
1940 The Great Dictator
52%
1940 The Philadelphia Story
52%
1992 The Scent of a Woman
52%
1963 Tom Jones
52%
1992 A Few Good Men
48%
1979 Apocalypse Now
48%
1991 Beauty and the Beast
48%
1958 Cat on a Hot Tin Roof
48%
1986 Children of a Lesser God
48%
1980 Coal Miner’s Daughter
48%
1944 Double Indemnity
48%
1996 Fargo
48%
1989 Field of Dreams
48%
1970 Five Easy Pieces
48%
1947 Gentleman’s Agreement
48%
1956 Giant
48%
1997 Good Will Hunting
48%
1931/32 Grand Hotel
48%
1946 Henry V
48%
1952 High Noon
48%
1970 M.A.S.H.
48%
1939 Mr. Smith Goes to Washington
48%
1975 Nashville
48%
1981 On Golden Pond
48%
1953 Roman Holiday
48%
1996 Shine
48%
1983 Tender Mercies
48%
1928/29 The Broadway Melody
48%
1999 The Cider House Rules
48%
1977 The Goodbye Girl
48%
1952 The Greatest Show on Earth
48%
1984 The Killing Fields
48%
1952 The Quiet Man
48%
1993 The Remains of the Day
48%
1956 The Ten Commandments
48%
1998 The Thin Red Line
48%
1966 Who’s Afraid of Virginia Woolf?
48%
1988 Working Girl
48%
1969 Z
48%
1979 All That Jazz
43%
1984 A Passage to India
43%
1995 Babe
43%
1989 Dead Poets Society
43%
1987 Fatal Attraction
43%
1969 Hello, Dolly!
43%
1996 Jerry Maguire
43%
1977 Julia
43%
1998 Life is Beautiful
43%
1982 Missing
43%
1994 Quiz Show
43%
1936 | 1968 Romeo and Juliet
43%
1959 Room at the Top
43%
1983 The Big Chill
43%
1936 The Great Ziegfeld
43%
1999 The Green Mile
43%
1956 The King and I
43%
1937 The Life of Emile Zola
43%
1968 The Lion in Winter
43%
1945 The Lost Weekend
43%
1941 The Maltese Falcon
43%
1982 Tootsie
43%
1951 A Place in the Sun
38%
1986 A Room with a View
38%
1937 A Star is Born
38%
1990 Awakenings
38%
1975 Barry Lyndon
38%
1967 Bonnie and Clyde
38%
1938 Boys Town
38%
1987 Broadcast News
38%
1991 Bugsy
38%
1937 Captains Courageous
38%
1972 Deliverance
38%
1971 Fiddler on the Roof
38%
1994 Four Weddings and a Funeral
38%
1968 Funny Girl
38%
1987 Hope and Glory
38%
1985 Kiss of the Spider Woman
38%
1940 Kitty Foyle
38%
1974 Lenny
38%
1932/33 Little Women
38%
1984 Places in the Heart
38%
1985 Prizzi’s Honor
38%
1995 Sense and Sensibility
38%
1954 Seven Brides for Seven Brothers
38%
1972 Sounder
38%
1939 Stagecoach
38%
1941 Suspicion
38%
1992 The Crying Game
38%
1983 The Dresser
38%
1997 The Full Monty
38%
1940 The Grapes of Wrath
38%
1961 The Guns of Navarone
38%
1971 The Last Picture Show
38%
1940 The Letter
38%
1991 The Prince of Tides
38%
1983 The Right Stuff
38%
1960 The Sundowners
38%
1974 The Towering Inferno
38%
1982 The Verdict
38%
1939 Wuthering Heights
38%
1942 Yankee Doodle Dandy
38%
1959 Anatomy of a Murder
33%
1969 Anne of the Thousand Days
33%
1978 An Unmarried Woman
33%
1984 A Soldier’s Story
33%
1950 Born Yesterday
33%
1988 Dangerous Liaisons
33%
1960 Elmer Gantry
33%
1961 Fanny
33%
1950 Father of the Bride
33%
1947 Great Expectations
33%
1986 Hannah and Her Sisters
33%
1943 | 1978 Heaven Can Wait
33%
1961 Judgement at Nuremberg
33%
1947 Miracle on 34th Street
33%
1971 Nicholas and Alexandra
33%
1953 Shane
33%
1988 The Accidental Tourist
33%
1945 The Bells of St. Mary’s
33%
1974 The Conversation
33%
1972 The Emigrants
33%
1935 The Informer
33%
1999 The Insider
33%
1962 The Longest Day
33%
1986 The Mission
33%
1942 The Pride of the Yankees
33%
1955 The Rose Tattoo
33%
1943 The Song of Bernadette
33%
1977 The Turning Point
33%
1927/28 7th Heaven
29%
1949 A Letter to Three Wives
29%
1940 All This, and Heaven Too
29%
1963 America America
29%
1981 Atlantic City
29%
1964 Becket
29%
1976 Bound for Glory
29%
1973 Cries and Whispers
29%
1967 Doctor Dolittle
29%
1964 Dr. Strangelove or: How I Learned to Stop Worrying and Love the Bomb
29%
1943 For Whom the Bell Tolls
29%
1938 Four Daughters
29%
1928/29 In Old Arizona
29%
1937 In Old Chicago
29%
1993 In the Name of the Father
29%
1938 Jezebel
29%
1948 Johnny Belinda
29%
1953 Julius Caesar
29%
1955 Love is a Many-Splendored Thing
29%
1978 Midnight Express
29%
1988 Mississippi Burning
29%
1936 Mr. Deeds Goes to Town
29%
1939 Of Mice and Men
29%
1968 Rachel, Rachel
29%
1936 San Francisco
29%
1957 Sayonara
29%
1996 Secrets and Lies
29%
1965 Ship of Fools
29%
1960 The Alamo
29%
1947 The Bishop’s Wife
29%
1958 The Defiant Ones
29%
1961 The Hustler
29%
1959 The Nun’s Story
29%
1946 The Yearling
29%
1957 Witness for the Prosecution
29%
1966 Alfie
24%
1945 Anchors Aweigh
24%
1965 A Thousand Clowns
24%
1973 A Touch of Class
24%
1979 Breaking Away
24%
1935 Captain Blood
24%
1965 Darling
24%
1951 Decision Before Dawn
24%
1940 Foreign Correspondent
24%
1944 Gaslight
24%
1938 Grand Illusion
24%
1941 Here Comes Mr. Jordan
24%
1934 Here Comes the Navy
24%
1950 King Solomon’s Mines
24%
1935 Les Miserables
24%
1939 Love Affair
24%
1955 Mister Roberts
24%
1952 Moulin Rouge
24%
1934 One Night of Love
24%
1938 Pygmalion
24%
1951 Quo Vadis
24%
1941 Sergeant York
24%
1937 Stage Door
24%
1938 The Adventures of Robin Hood
24%
1937 The Awful Truth
24%
1954 The Caine Mutiny
24%
1931/32 The Champ
24%
1954 The Country Girl
24%
1934 The Gay Divorcee
24%
1937 The Good Earth
24%
1949 The Heiress
24%
1943 The Human Comedy
24%
1941 The Little Foxes
24%
1943 The More the Merrier
24%
1943 The Ox-Bow Incident
24%
1928/29 The Patriot
24%
1995 The Postman (Il Postino)
24%
1953 The Robe
24%
1966 The Russians Are Coming, the Russians Are Coming
24%
1966 The Sand Pebbles
24%
1934 The Thin Man
24%
1934 The White Parade
24%
1954 Three Coins in the Fountain
24%
1936 Three Smart Girls
24%
1949 Twelve O’Clock High
24%
1943 Watch on the Rhine
24%
1935 A Midsummer Night’s Dream
19%
1936 A Tale of Two Cities
19%
1931/32 Bad Girl
19%
1949 Battleground
19%
1935 Broadway Melody of 1936
19%
1947 Crossfire
19%
1939 Dark Victory
19%
1936 Dodsworth
19%
1934 Flirtation Walk
19%
1941 Hold Back the Dawn
19%
1963 How the West was Won
19%
1943 In Which We Serve
19%
1952 Ivanhoe
19%
1942 Kings Row
19%
1937 Lost Horizon
19%
1945 Mildred Pierce
19%
1939 Ninotchka
19%
1941 One Foot in Heaven
19%
1937 One Hundred Men and a Girl
19%
1940 Our Town
19%
1957 Peyton Place
19%
1955 Picnic
19%
1958 Separate Tables
19%
1931/32 Shanghai Express
19%
1960 Sons and Lovers
19%
1945 Spellbound
19%
1938 Test Pilot
19%
1929/30 The Big House
19%
1929/30 The Divorcee
19%
1930/31 The Front Page
19%
1942 The Magnificent Ambersons
19%
1946 The Razor’s Edge
19%
1948 The Red Shoes
19%
1936 The Story of Louis Pasteur
19%
1935 Top Hat
19%
1934 Viva Villa!
19%
1944 Wilson
19%
1932/33 A Farewell to Arms
14%
1938 Alexander’s Ragtime Band
14%
1935 Alice Adams
14%
1936 Anthony Adverse
14%
1958 Auntie Mame
14%
1941 Blossoms in the Dust
14%
1929/30 Disraeli
14%
1956 Friendly Persuasion
14%
1932/33 I Am a Fugitive from a Chain Gang
14%
1932/33 Lady for a Day
14%
1935 Naughty Marietta
14%
1942 Random Harvest
14%
1935 Ruggles of Red Gap
14%
1944 Since You Went Away
14%
1938 The Citadel
14%
1940 The Long Voyage Home
14%
1929/30 The Love Parade
14%
1962 The Music Man
14%
1942 The Pied Piper
14%
1932/33 The Private Life of Henry VIII
14%
1948 The Snake Pit
14%
1942 Wake Island
14%
1932/33 42nd Street
10%
1928/29 Alibi
10%
1935 David Copperfield
10%
1937 Dead End
10%
1931/32 Five Star Final
10%
1928/29 Hollywood Revue
10%
1934 Imitation of Life
10%
1936 Libeled Lady
10%
1943 Madame Curie
10%
1931/32 One Hour with You
10%
1932/33 She Done Him Wrong
10%
1930/31 Skippy
10%
1932/33 Smilin’ Through
10%
1934 The House of Rothschild
10%
1927/28 The Racket
10%
1931/32 The Smiling Lieutenant
10%
1942 The Talk of the Town
10%
1930/31 Trader Horn
10%
1942 49th Parallel
5%
1931/32 Arrowsmith
5%
1930/31 East Lynne
5%
1932/33 State Fair
5%
1983 Terms of Endearmenr
5%
1934 The Barretts of Winpole Street
5%
1959 The Dairy of Anne Frank
5%
1935 The Lives of a Bengal Lancer
5%
1964 Sorbs the Greek
0%
1948 The Treasure of Sierra Madre
0%
No matching quizzes found
Score Distribution
Percent of People with Each Score
Percentile by Number Answered
Your Score History
You have not taken this quiz